The world of atoms ; ten non-mathematical lectures /

Bibliographic Details
Main Author: Haas, Arthur Erich, 1884-1941
Other Authors: Uhler, Horace S. (Horace Scudder), 1872-
Format: Book
Language:English
Undetermined
Published: New York : D. Van Nostrand company, inc., 1928.
Subjects:

MARC

Tag First Indicator Second Indicator Subfields
LEADER 00000cam a2200000 4500
001 in00000044529
005 20151007073013.0
008 730925s1928 nyua 00010 eng u
010 |a  28006571  
035 |a (OCoLC)00697760 
035 |9 AAE8955AM 
040 |c KSU  |d TXA  |d UtOrBLW 
041 1 |a eng  |a und 
049 |a TXAM  |c [36236] 
050 0 0 |a QC173  |b .H172 
092 |a 541.2  |b H11w, Rev. ed. 
100 1 |a Haas, Arthur Erich,  |d 1884-1941. 
245 1 4 |a The world of atoms ;  |b ten non-mathematical lectures /  |c by Arthur Haas ... Thoroughly revised and partly re-written; translated by Horace S. Uhler. 
264 1 |a New York :  |b D. Van Nostrand company, inc.,  |c 1928. 
300 |a xi, 139 pages :  |b illustrations, diagrams ;  |c 24 cm. 
336 |a text  |b txt  |2 rdacontent 
337 |a unmediated  |b n  |2 rdamedia 
338 |a volume  |b nc  |2 rdacarrier 
650 0 |a Atoms. 
700 1 |a Uhler, Horace S.  |q (Horace Scudder),  |d 1872- 
999 |a MARS 
999 f f |s 255ff8a4-b39f-3744-add6-2052b3ec83cc  |i 8df0ceb7-70b7-3f11-8c7a-ab63966373f0  |t 0 
952 f f |p ric  |a Texas A&M University  |b Rellis Campus  |c Joint Library Facility  |d Remote Storage  |t 0  |e QC173 .H172  |h Library of Congress classification  |i unmediated -- volume  |m A14800934418 
998 f f |a QC173 .H172  |t 0  |l Remote Storage